[Event "Ceriano Laghetto op-B 22nd"]
[Site "Ceriano Laghetto"]
[Date "2013.03.02"]
[Round "3"]
[White "Petetta, Roberto"]
[Black "Giovarruscio, Gabriele"]
[Result "1/2-1/2"]
[WhiteElo "1651"]
[BlackElo "1747"]
[PlyCount "139"]
[EventDate "2013.03.01"]
[EventType "swiss"]
[EventRounds "5"]
[EventCountry "ITA"]
[SourceTitle "EXT 2024"]
[Source "ChessBase"]
[SourceDate "2023.10.10"]
[SourceVersion "1"]
[SourceVersionDate "2023.10.10"]
[SourceQuality "1"]

1. e4 c6 2. d4 d5 3. Nc3 dxe4 4. Nxe4 Bf5 5. Ng3 Bg6 6. Nf3 Nd7 7. Be2 Ngf6 8. 0-0 e6 9. c3 Bd6 10. Bg5 h6 11. Be3 Nd5 12. Bc1 Qc7 13. b3 Nxc3 14. Qe1 Nxe2+ 15. Qxe2 0-0 16. Nh4 Bh7 17. Nf3 Nf6 18. Re1 Rad8 19. Bb2 Nd5 20. Ne4 Bxe4 21. Qxe4 a6 22. Rac1 Qa5 23. a4 Nf6 24. Qc2 Qh5 25. Ne5 Ng4 26. Nxg4 Qxg4 27. Re4 Qh5 28. h3 Qd5 29. Rce1 Rd7 30. Bc1 g5 31. Qd1 Kg7 32. Bb2 Kh7 33. Qc2 Qf5 34. Qc3 Rg8 35. Qd3 Bc7 36. g4 Qg6 37. Qe2 Rd5 38. f3 Rgd8 39. Rd1 Bd6 40. Rc1 Bf4 41. Rc4 h5 42. Bc3 hxg4 43. hxg4 Rh8 44. Rc5 Kg8 45. Bd2 Qh6 46. Bxf4 Qh1+ 47. Kf2 gxf4 48. Qf1 Qh4+ 49. Ke2 Qg3 50. Kd3 Rh3 51. Rxf4 Rxc5 52. dxc5 e5 53. Rf5 e4+ 54. Kxe4 Rh6 55. Kd4 Qh2 56. Qd3 Qg1+ 57. Kc4 Qc1+ 58. Qc3 Qf1+ 59. Kd4 Re6 60. Re5 Qd1+ 61. Ke4 Qd5+ 62. Kf5 Rxe5+ 63. Qxe5 Qxf3+ 64. Kg5 Qxb3 65. Qe8+ Kg7 66. Qe5+ Kh7 67. Qf5+ Kg7 68. Qe5+ Kg8 69. Qe8+ Kh7 70. Qe4+ 1/2-1/2

[Event "Como Province-ch"]
[Site "Villa Guardia"]
[Date "2013.01.20"]
[Round "2"]
[White "Petetta, Roberto"]
[Black "Puppi, Simone"]
[Result "0-1"]
[WhiteElo "1660"]
[BlackElo "1551"]
[PlyCount "146"]
[EventDate "2013.01.19"]
[EventType "swiss"]
[EventRounds "6"]
[EventCountry "ITA"]
[SourceTitle "EXT 2014"]
[Source "ChessBase"]
[SourceDate "2013.11.20"]
[SourceVersion "1"]
[SourceVersionDate "2013.11.20"]
[SourceQuality "1"]

1. e4 c5 2. Nf3 Nc6 3. d4 cxd4 4. Nxd4 g6 5. Be3 Bg7 6. c3 a6 7. Nd2 Qc7 8. N2b3 Nf6 9. f3 0-0 10. Be2 Ne5 11. Nd2 b5 12. 0-0 d5 13. exd5 Nxd5 14. Bf2 Nf4 15. Ne4 Nxe2+ 16. Qxe2 Bb7 17. Rfd1 e6 18. Ng5 Qc4 19. Qxc4 Nxc4 20. b3 Nb6 21. Ndxe6 fxe6 22. Nxe6 Bxc3 23. Nxf8 Bxa1 24. Rxa1 Nd5 25. Ne6 Rc8 26. Nd4 Rc3 27. Re1 Kf7 28. Kf1 Nf4 29. Ne2 Nxe2 30. Rxe2 Rc1+ 31. Be1 Ra1 32. Kf2 Rd1 33. Bb4 Rd7 34. Bc5 a5 35. a3 Bd5 36. b4 a4 37. g3 Bc4 38. Re1 Kf6 39. f4 Rd2+ 40. Kg1 Bd5 41. Bf2 Ra2 42. Bd4+ Kf7 43. Re5 Bc4 44. Re3 Rd2 45. Bc5 h5 46. Rc3 Ke6 47. Bf2 Kf5 48. h3 Re2 49. Re3 Rxe3 50. Bxe3 Ke4 51. Bf2 Kd3 52. g4 hxg4 53. hxg4 Be6 54. g5 Kc2 55. Kf1 Kb2 56. Ke2 Kxa3 57. Kd1 Bb3+ 58. Ke1 Kb2 59. Kd2 a3 60. Bc5 Ba4 61. f5 gxf5 62. g6 Bb3 63. g7 Bg8 64. Kd1 f4 65. Bf2 Bh7 66. Ke1 Kb3 67. Bc5 f3 68. Kd2 a2 69. Bd4 f2 70. Ke2 Kxb4 71. Kxf2 Kb3 72. Ke2 Kc2 73. Ke3 b4 0-1

[Event "Como Primavera op 7th"]
[Site "Como"]
[Date "2012.05.17"]
[Round "5"]
[White "Petetta, Roberto"]
[Black "Coppola, Guido"]
[Result "0-1"]
[WhiteElo "1665"]
[BlackElo "1990"]
[PlyCount "56"]
[EventDate "2012.04.19"]
[EventType "swiss"]
[EventRounds "7"]
[EventCountry "ITA"]
[SourceTitle "EXT 2024"]
[Source "ChessBase"]
[SourceDate "2023.10.10"]
[SourceVersion "1"]
[SourceVersionDate "2023.10.10"]
[SourceQuality "1"]

1. e4 c5 2. Nf3 d6 3. d4 cxd4 4. Nxd4 Nf6 5. Nc3 a6 6. Be2 e6 7. 0-0 Qc7 8. Bg5 Be7 9. f4 b5 10. Bf3 Bb7 11. e5 dxe5 12. fxe5 Ng8 13. Bxe7 Nxe7 14. Bxb7 Qxb7 15. Qg4 Qb6 16. Kh1 0-0 17. Ne4 Ng6 18. Nf3 Nd7 19. Rae1 Qd8 20. Neg5 Qe7 21. h4 h6 22. Nh3 Rac8 23. h5 Rc4 24. Qg3 Nh4 25. c3 Nxf3 26. Qxf3 Rh4 27. g4 Qg5 28. Qf4 Rxh3+ 0-1

[Event "Como Province-ch"]
[Site "Como"]
[Date "2012.01.29"]
[Round "5"]
[White "Mason, Giovanni"]
[Black "Petetta, Roberto"]
[Result "0-1"]
[WhiteElo "1714"]
[BlackElo "1650"]
[PlyCount "92"]
[EventDate "2012.01.21"]
[EventType "swiss"]
[EventRounds "6"]
[EventCountry "ITA"]
[SourceTitle "EXT 2024"]
[Source "ChessBase"]
[SourceDate "2023.10.10"]
[SourceVersion "1"]
[SourceVersionDate "2023.10.10"]
[SourceQuality "1"]

1. e4 c5 2. Nf3 d6 3. d4 cxd4 4. Nxd4 Nc6 5. Nc3 Nf6 6. f4 Bd7 7. Be2 e6 8. Be3 Be7 9. Ndb5 Bc8 10. Qd2 a6 11. Nd4 Bd7 12. 0-0-0 0-0 13. Bf3 Qc7 14. g4 Nxd4 15. Bxd4 e5 16. Be3 Bxg4 17. Bxg4 Nxg4 18. Nd5 Qd8 19. Bb6 Qd7 20. Nxe7+ Qxe7 21. Qxd6 Qxd6 22. Rxd6 exf4 23. h3 Ne5 24. b3 Rfe8 25. Rhd1 f6 26. Rg1 Kf7 27. Rf1 g5 28. Rfd1 Rac8 29. Bd4 Re6 30. Bxe5 fxe5 31. R6d5 Rc3 32. R1d3 Rxd3 33. Rxd3 h5 34. c4 g4 35. Kd2 g3 36. Ke1 h4 37. Kf1 Ke7 38. Kg2 Rg6 39. a4 Rd6 40. Rd5 Ke6 41. a5 Rd7 42. Rxd7 Kxd7 43. b4 Kc6 44. Kf3 b6 45. axb6 Kxb6 46. Kg2 a5 0-1

[Event "Como Province-ch"]
[Site "Como"]
[Date "2012.01.28"]
[Round "4"]
[White "Bernasconi, Roberto"]
[Black "Petetta, Roberto"]
[Result "1-0"]
[WhiteElo "1925"]
[BlackElo "1650"]
[PlyCount "71"]
[EventDate "2012.01.21"]
[EventType "swiss"]
[EventRounds "6"]
[EventCountry "ITA"]
[SourceTitle "EXT 2024"]
[Source "ChessBase"]
[SourceDate "2023.10.10"]
[SourceVersion "1"]
[SourceVersionDate "2023.10.10"]
[SourceQuality "1"]

1. e4 c5 2. Nf3 Nc6 3. Bb5 d6 4. d4 cxd4 5. Nxd4 Bd7 6. 0-0 Nf6 7. Nc3 e6 8. Bg5 Be7 9. Qd2 Nxe4 10. Nxe4 Bxg5 11. Nxg5 Nxd4 12. Bxd7+ Qxd7 13. Qxd4 0-0 14. Rfd1 Rfd8 15. c4 b6 16. Ne4 Qc6 17. Rd3 Rac8 18. b3 b5 19. c5 e5 20. Qd5 Qxd5 21. Rxd5 dxc5 22. Rxc5 Rxc5 23. Nxc5 Kf8 24. Kf1 Ke7 25. Ke2 f5 26. Rd1 Rxd1 27. Kxd1 Kd6 28. b4 g5 29. Kd2 h5 30. Kd3 Kd5 31. f3 Kd6 32. g4 hxg4 33. fxg4 fxg4 34. Ke4 g3 35. hxg3 g4 36. Nd3 1-0

[Event "Como Province-ch"]
[Site "Como"]
[Date "2012.01.22"]
[Round "2"]
[White "Bettinelli, Sergio"]
[Black "Petetta, Roberto"]
[Result "0-1"]
[WhiteElo "1284"]
[BlackElo "1650"]
[PlyCount "68"]
[EventDate "2012.01.21"]
[EventType "swiss"]
[EventRounds "6"]
[EventCountry "ITA"]
[SourceTitle "EXT 2024"]
[Source "ChessBase"]
[SourceDate "2023.10.10"]
[SourceVersion "1"]
[SourceVersionDate "2023.10.10"]
[SourceQuality "1"]

1. e4 c5 2. d4 cxd4 3. c3 dxc3 4. Nxc3 e6 5. Nf3 Be7 6. Bc4 d6 7. 0-0 Nc6 8. Bb3 Nf6 9. Bc2 0-0 10. Bd2 a6 11. Re1 Qc7 12. e5 dxe5 13. Ne4 Bd7 14. Neg5 Rac8 15. Re4 Nxe4 16. Nxe4 f5 17. Ng3 Nd4 18. Nxd4 exd4 19. Rc1 Qd8 20. Nh5 e5 21. Rb1 Be6 22. Bb3 Rc6 23. Bxe6+ Rxe6 24. Qb3 Qd7 25. Qa3 Bf6 26. Qb3 Kh8 27. Qa3 Be7 28. Qg3 g6 29. Bh6 Rg8 30. Nf4 exf4 31. Bxf4 Bd6 32. Qg5 Bxf4 33. Qxf4 Rge8 34. Kf1 Qb5+ 0-1

[Event "Como Province-ch"]
[Site "Como"]
[Date "2012.01.22"]
[Round "3"]
[White "Petetta, Roberto"]
[Black "Revinelli, Sergio"]
[Result "1-0"]
[WhiteElo "1650"]
[BlackElo "1874"]
[PlyCount "133"]
[EventDate "2012.01.21"]
[EventType "swiss"]
[EventRounds "6"]
[EventCountry "ITA"]
[SourceTitle "EXT 2024"]
[Source "ChessBase"]
[SourceDate "2023.10.10"]
[SourceVersion "1"]
[SourceVersionDate "2023.10.10"]
[SourceQuality "1"]

1. e4 e5 2. f4 exf4 3. Nf3 Be7 4. d4 Bh4+ 5. Ke2 d5 6. Qd3 Qe7 7. e5 f6 8. Bxf4 Nc6 9. c3 Bg4 10. g3 fxe5 11. dxe5 Nxe5 12. Bxe5 Qxe5+ 13. Kf2 Bxf3 14. Qxf3 Bf6 15. Bb5+ Kf7 16. Re1 Qd6 17. Qe2 Ne7 18. Ba4 Rhf8 19. Kg2 Kg8 20. Nd2 c6 21. Rad1 Ng6 22. Bc2 Rfe8 23. Qh5 Rxe1 24. Rxe1 Nf8 25. Nf3 Qd7 26. Ne5 Bxe5 27. Rxe5 g6 28. Qe2 Rd8 29. c4 dxc4 30. Qxc4+ Kg7 31. Re2 Qd5+ 32. Qxd5 Rxd5 33. Kf3 Rd7 34. h4 Kf6 35. Bb3 Re7 36. Rf2 Kg7 37. Kg2 Nd7 38. Kh3 h6 39. g4 Nc5 40. Bc2 Ne6 41. h5 gxh5 42. gxh5 Ng5+ 43. Kg4 Rd7 44. Re2 b6 45. Bg6 c5 46. Kg3 Rc7 47. Be8 Nh7 48. Bg6 Nf6 49. Rd2 b5 50. Kf4 c4 51. Ke5 Re7+ 52. Kf4 Rc7 53. Ke5 a5 54. Rd6 b4 55. Rxf6 c3 56. bxc3 bxc3 57. Rf2 Rb7 58. Rc2 Rb2 59. Kd5 Rb6 60. Rxc3 Kf6 61. Kd4 Kg5 62. Rg3+ Kf6 63. Kc5 Rb8 64. Rf3+ Kg5 65. Rf5+ Kh4 66. Kc4 a4 67. Ra5 1-0

[Event "Modena Province-ch"]
[Site "Ceriano Laghetto"]
[Date "2010.02.??"]
[Round "6"]
[White "Napoli, Ferdinando"]
[Black "Petetta, Roberto"]
[Result "1-0"]
[WhiteElo "1742"]
[BlackElo "1649"]
[PlyCount "43"]
[EventDate "2010.02.02"]
[EventType "swiss"]
[EventRounds "6"]
[EventCountry "ITA"]
[SourceTitle "EXT 2024"]
[Source "ChessBase"]
[SourceDate "2023.10.10"]
[SourceVersion "1"]
[SourceVersionDate "2023.10.10"]
[SourceQuality "1"]

1. b3 Nf6 2. Bb2 e6 3. e3 b6 4. Nf3 Bb7 5. Be2 Be7 6. c4 0-0 7. 0-0 d6 8. Nc3 Nbd7 9. d4 c6 10. Qd2 Rc8 11. e4 Qc7 12. Rac1 Qb8 13. Ba3 Rfe8 14. Rfe1 Kh8 15. Ng5 Kg8 16. f4 e5 17. Nf3 exd4 18. Nxd4 d5 19. Bxe7 Rxe7 20. e5 Ne4 21. Nxe4 dxe4 22. Nf5 1-0

[Event "Como Province-ch"]
[Site "Villa Guardia"]
[Date "2010.01.24"]
[Round "3"]
[White "Revinelli, Sergio"]
[Black "Petetta, Roberto"]
[Result "1-0"]
[WhiteElo "1850"]
[BlackElo "1649"]
[PlyCount "51"]
[EventDate "2010.01.23"]
[EventType "swiss"]
[EventRounds "6"]
[EventCountry "ITA"]
[SourceTitle "EXT 2024"]
[Source "ChessBase"]
[SourceDate "2023.10.10"]
[SourceVersion "1"]
[SourceVersionDate "2023.10.10"]
[SourceQuality "1"]

1. e4 c5 2. Nf3 d6 3. d4 cxd4 4. Nxd4 Nc6 5. Be2 Nf6 6. Nc3 g6 7. Be3 Bg7 8. 0-0 0-0 9. Kh1 Bd7 10. f3 Rc8 11. Qd2 Re8 12. Rfd1 a6 13. a4 Ne5 14. Nb3 Be6 15. a5 Bc4 16. Na4 Bxe2 17. Qxe2 Nc4 18. Bd4 Qc7 19. c3 Nd7 20. Bf2 Nxa5 21. Nxa5 Qxa5 22. Nb6 Qb5 23. Qxb5 axb5 24. Nxd7 Rc7 25. Nb6 Rd8 26. Nd5 1-0

[Event "Como Province-ch"]
[Site "Como"]
[Date "2009.01.25"]
[Round "4"]
[White "Lancianese, Giuseppe"]
[Black "Petetta, Roberto"]
[Result "1/2-1/2"]
[WhiteElo "1804"]
[BlackElo "1656"]
[PlyCount "104"]
[EventDate "2009.01.24"]
[EventType "swiss"]
[EventRounds "6"]
[EventCountry "ITA"]
[SourceTitle "EXT 2011"]
[Source "ChessBase"]
[SourceDate "2010.11.26"]
[SourceVersion "1"]
[SourceVersionDate "2010.11.26"]
[SourceQuality "1"]

1. d4 d5 2. Nf3 Bg4 3. Bf4 e6 4. e3 Bd6 5. Bg3 Bxg3 6. hxg3 h6 7. c4 c6 8. Nc3 Nd7 9. Be2 Ngf6 10. Qc2 Bf5 11. Bd3 Bxd3 12. Qxd3 Qe7 13. cxd5 exd5 14. 0-0 Ne4 15. Nd2 f5 16. Rab1 Ndf6 17. b4 Rc8 18. Rfc1 0-0 19. Nf3 Ng4 20. Nd1 g5 21. b5 c5 22. dxc5 Rxc5 23. Nd4 Rfc8 24. Nxf5 Qf6 25. Rxc5 Rxc5 26. f3 Qxf5 27. fxg4 Qxg4 28. Nf2 Qf5 29. Rf1 Nxg3 30. Qxf5 Nxf5 31. Nd3 Rc3 32. Rxf5 Rxd3 33. Kf2 Rd2+ 34. Kf3 Kg7 35. a4 Kg6 36. Rf8 Rc2 37. Ra8 a6 38. bxa6 bxa6 39. Rxa6+ Kg7 40. Ra7+ Kg8 41. Ra6 Kg7 42. Ra7+ Kf8 43. Rh7 Rc6 44. Rd7 Ra6 45. Rxd5 Rxa4 46. Rd7 Ra6 47. Kg4 Re6 48. Kh5 Kg8 49. g4 Kh8 50. Rd8+ Kg7 51. Rd7+ Kg8 52. Rd8+ Kg7 1/2-1/2

[Event "Como Province-ch"]
[Site "Como"]
[Date "2009.01.24"]
[Round "1"]
[White "Petetta, Roberto"]
[Black "Buonocore, Elio"]
[Result "0-1"]
[WhiteElo "1656"]
[BlackElo "2188"]
[PlyCount "48"]
[EventDate "2009.01.24"]
[EventType "swiss"]
[EventRounds "6"]
[EventCountry "ITA"]
[SourceTitle "EXT 2011"]
[Source "ChessBase"]
[SourceDate "2010.11.26"]
[SourceVersion "1"]
[SourceVersionDate "2010.11.26"]
[SourceQuality "1"]

1. e4 c5 2. f4 Nc6 3. Nf3 g6 4. Bc4 Bg7 5. 0-0 e6 6. d3 Nge7 7. c3 0-0 8. Be3 d5 9. Bb3 c4 10. Bc2 cxd3 11. Bxd3 dxe4 12. Bxe4 Nd5 13. Qe2 Qc7 14. g3 b6 15. Nbd2 Nf6 16. Bd3 Rd8 17. Nb3 Bb7 18. Rae1 Rd7 19. Nbd4 Ng4 20. Bb5 Nxe3 21. Qxe3 Nxd4 22. Nxd4 Rd5 23. Bd3 Rad8 24. Be4 Rxd4 0-1

[Event "Cologno Monzese op 26th"]
[Site "Cologno Monzese"]
[Date "2007.10.12"]
[Round "5"]
[White "Petetta, Roberto"]
[Black "Gara, Giovanni"]
[Result "1-0"]
[WhiteElo "1685"]
[BlackElo "1467"]
[PlyCount "51"]
[EventDate "2007.09.14"]
[EventType "swiss"]
[EventRounds "6"]
[EventCountry "ITA"]
[SourceTitle "EXT 2024"]
[Source "ChessBase"]
[SourceDate "2023.10.10"]
[SourceVersion "1"]
[SourceVersionDate "2023.10.10"]
[SourceQuality "1"]

1. e4 e6 2. d4 d5 3. exd5 exd5 4. Bd3 Nf6 5. Ne2 Bd6 6. Bg5 Be6 7. 0-0 0-0 8. c3 Nbd7 9. Qc2 h6 10. Bh4 c6 11. f4 Bg4 12. Ng3 Qc7 13. Qf2 c5 14. Nf5 Bxf5 15. Bxf5 cxd4 16. cxd4 Ne4 17. Qf3 Ndf6 18. Nc3 Nd2 19. Qf2 Nxf1 20. Bxf6 Ne3 21. Nb5 Qb6 22. Qxe3 gxf6 23. Qg3+ Kh8 24. Qh4 Rfc8 25. Qxh6+ Kg8 26. Bh7+ 1-0

[Event "Como op"]
[Site "Como"]
[Date "2007.05.11"]
[Round "5"]
[White "Lotti, Riccardo"]
[Black "Petetta, Roberto"]
[Result "0-1"]
[WhiteElo "1389"]
[BlackElo "1778"]
[PlyCount "86"]
[EventDate "2007.04.13"]
[EventType "swiss"]
[EventRounds "7"]
[EventCountry "ITA"]
[SourceTitle "EXT 2010"]
[Source "ChessBase"]
[SourceDate "2010.11.25"]
[SourceVersion "1"]
[SourceVersionDate "2010.11.25"]
[SourceQuality "1"]

1. d4 d5 2. c4 e6 3. Nc3 Nf6 4. Nf3 Nbd7 5. e3 c6 6. Bd3 Bb4 7. Qc2 0-0 8. 0-0 Re8 9. a3 Ba5 10. c5 e5 11. e4 Bxc3 12. bxc3 dxe4 13. Bxe4 exd4 14. Re1 dxc3 15. Bf5 Rxe1+ 16. Nxe1 Qa5 17. Bxd7 Nxd7 18. Qe4 Qxc5 19. Be3 Qe5 20. Qd4 Qxd4 21. Bxd4 a6 22. Rc1 b5 23. Bxc3 Bb7 24. Nd3 Rc8 25. Re1 Kf8 26. Ne5 Nxe5 27. Bxe5 f6 28. Bd6+ Kf7 29. Re7+ Kg6 30. Rxb7 Rd8 31. Rb6 Rxd6 32. g3 a5 33. h3 f5 34. Kg2 Kf6 35. Rb8 Rd7 36. Rc8 Rd6 37. h4 g6 38. Rc7 h5 39. Rc8 Ke5 40. Re8+ Kd4 41. Re1 Kc3 42. Re3+ Kc4 43. Kf3 Rd3 0-1

[Event "Como Primavera op-A 2nd"]
[Site "Como"]
[Date "2006.05.31"]
[Round "7"]
[White "Petetta, Roberto"]
[Black "Corti, Filippo"]
[Result "1-0"]
[WhiteElo "1718"]
[BlackElo "1637"]
[PlyCount "103"]
[EventDate "2006.04.21"]
[EventType "swiss"]
[EventRounds "7"]
[EventCountry "ITA"]
[SourceTitle "EXT 2024"]
[Source "ChessBase"]
[SourceDate "2023.10.10"]
[SourceVersion "1"]
[SourceVersionDate "2023.10.10"]
[SourceQuality "1"]

1. e4 c6 2. d4 d5 3. Nc3 dxe4 4. Nxe4 Bf5 5. Ng3 Bg6 6. Nf3 Nd7 7. Bd3 Qc7 8. 0-0 Ngf6 9. Bxg6 hxg6 10. Ne2 e6 11. Bf4 Bd6 12. Qd2 0-0-0 13. Bxd6 Qxd6 14. Qf4 Qxf4 15. Nxf4 Nd5 16. Nxd5 exd5 17. Ng5 Rdf8 18. Rae1 Rh5 19. f4 Kd8 20. Re2 Nf6 21. Rfe1 Nh7 22. Nxh7 Rxh7 23. Re7 Kc8 24. R1e5 Rh5 25. Re8+ Rxe8 26. Rxe8+ Kd7 27. Rf8 Rf5 28. g3 g5 29. fxg5 Kc7 30. h4 b5 31. c3 a5 32. Kg2 g6 33. Re8 Kd7 34. Re1 f6 35. g4 Rf4 36. Kg3 fxg5 37. Re5 Re4 38. Rxg5 Re2 39. Rxg6 Rxb2 40. h5 Rxa2 41. h6 Rc2 42. Rf6 Rxc3+ 43. Rf3 Rc1 44. Kg2 Re1 45. Rf4 Re2+ 46. Kg3 Re1 47. g5 a4 48. h7 Rh1 49. Rh4 Rxh4 50. Kxh4 b4 51. h8Q a3 52. Qa8 1-0

[Event "Como Primavera op-A 2nd"]
[Site "Como"]
[Date "2006.05.12"]
[Round "4"]
[White "Fogli, Antonio"]
[Black "Petetta, Roberto"]
[Result "1-0"]
[WhiteElo "1580"]
[BlackElo "1718"]
[PlyCount "89"]
[EventDate "2006.04.21"]
[EventType "swiss"]
[EventRounds "7"]
[EventCountry "ITA"]
[SourceTitle "EXT 2024"]
[Source "ChessBase"]
[SourceDate "2023.10.10"]
[SourceVersion "1"]
[SourceVersionDate "2023.10.10"]
[SourceQuality "1"]

1. Nf3 Nf6 2. b3 e6 3. Bb2 Be7 4. d3 d5 5. e3 0-0 6. Be2 c5 7. 0-0 b6 8. Nbd2 Bb7 9. Ne5 Nc6 10. Nxc6 Bxc6 11. f4 Qc7 12. Nf3 Rad8 13. Ne5 Ba8 14. Qe1 Qb7 15. Qg3 Ne8 16. Ng4 f5 17. Nf2 Bf6 18. Bxf6 Rxf6 19. Qh4 Nd6 20. g4 Rdf8 21. g5 R6f7 22. Bf3 g6 23. Qg3 Rg7 24. h4 Re8 25. Kg2 Nf7 26. c4 Qd7 27. Rad1 d4 28. e4 e5 29. exf5 Bxf3+ 30. Qxf3 gxf5 31. Rfe1 exf4 32. Qxf4 Rf8 33. Re2 h6 34. Nh3 hxg5 35. Nxg5 Nxg5 36. hxg5 Qd8 37. Rde1 Rxg5+ 38. Kf1 Rg4 39. Qh6 Qf6 40. Qh1 Kg7 41. Rh2 Qg6 42. Rh7+ Kg8 43. Rh8+ Kf7 44. Qb7+ Kf6 45. Qe7# 1-0

[Event "Como Primavera op-A 2nd"]
[Site "Como"]
[Date "2006.05.05"]
[Round "3"]
[White "Petetta, Roberto"]
[Black "Rossi, Silio"]
[Result "1/2-1/2"]
[WhiteElo "1718"]
[BlackElo "1592"]
[PlyCount "147"]
[EventDate "2006.04.21"]
[EventType "swiss"]
[EventRounds "7"]
[EventCountry "ITA"]
[SourceTitle "EXT 2024"]
[Source "ChessBase"]
[SourceDate "2023.10.10"]
[SourceVersion "1"]
[SourceVersionDate "2023.10.10"]
[SourceQuality "1"]

1. e4 c5 2. Nf3 Nc6 3. d4 cxd4 4. Nxd4 Qb6 5. Nb3 e6 6. Be3 Qb4+ 7. Nc3 b6 8. Be2 Nf6 9. f3 Be7 10. 0-0 0-0 11. Nb5 Bd8 12. Qd6 Qxd6 13. Nxd6 Be7 14. Rfd1 Nb4 15. Bf2 Nxc2 16. Rac1 Nb4 17. a3 Nc6 18. Bb5 Bxd6 19. Rxd6 Ne8 20. Rd2 Nf6 21. Bxc6 dxc6 22. Rxc6 Bd7 23. Rcd6 Ba4 24. Nc1 Rfc8 25. Ne2 Bb5 26. Nc3 Be8 27. g4 Kf8 28. e5 Ng8 29. Ne4 h6 30. Bd4 Bc6 31. Kf2 Bxe4 32. fxe4 Ne7 33. Bc3 Ng6 34. Kg3 Kg8 35. Rd7 Nf8 36. Re7 Rc4 37. Kf3 Rc5 38. Rb7 Ng6 39. Rdd7 Rxc3+ 40. bxc3 Nxe5+ 41. Ke3 Nxd7 42. Rxd7 e5 43. h4 f6 44. a4 Kh7 45. c4 a5 46. Rb7 Rc8 47. Kd3 Rd8+ 48. Ke3 Rd4 49. Rc7 Kg8 50. Rc6 Kh7 51. Rc8 Kg6 52. Rc6 Kh7 53. g5 Kg6 54. gxf6 gxf6 55. Kf3 h5 56. Rc7 Rd3+ 57. Kg2 Re3 58. c5 bxc5 59. Rxc5 Rxe4 60. Rxa5 Rxh4 61. Ra8 Rg4+ 62. Kh3 Kf5 63. a5 Ra4 64. a6 e4 65. Kh4 e3+ 66. Kxh5 e2 67. Re8 Re4 68. Rxe4 Kxe4 69. a7 Kf4 70. a8Q e1Q 71. Kg6 Qe5 72. Qa4+ Ke3 73. Qg4 Kd2 74. Qf5 1/2-1/2

[Event "Ceriano Laghetto op-B 15th"]
[Site "Ceriano Laghetto"]
[Date "2006.04.02"]
[Round "5"]
[White "Libutti, Michele"]
[Black "Petetta, Roberto"]
[Result "1-0"]
[WhiteElo "1896"]
[BlackElo "1718"]
[PlyCount "97"]
[EventDate "2006.03.31"]
[EventType "swiss"]
[EventRounds "5"]
[EventCountry "ITA"]
[SourceTitle "EXT 2011"]
[Source "ChessBase"]
[SourceDate "2010.11.26"]
[SourceVersion "1"]
[SourceVersionDate "2010.11.26"]
[SourceQuality "1"]

1. d4 d5 2. c4 e6 3. Nc3 Nf6 4. Bg5 Nbd7 5. e3 Be7 6. Nf3 0-0 7. Rc1 c6 8. a3 a5 9. h3 Re8 10. Be2 Nf8 11. 0-0 Ng6 12. Qc2 dxc4 13. Bxc4 Nd5 14. Bxe7 Rxe7 15. Rfd1 Qe8 16. Ne5 f6 17. Nf3 Bd7 18. Ne4 Qf8 19. Nc5 Be8 20. g3 Rb8 21. e4 Nc7 22. b4 b6 23. Nd3 Nb5 24. Qb3 Bf7 25. Bxb5 cxb5 26. Rc6 e5 27. d5 f5 28. exf5 Rd7 29. Ndxe5 Nxe5 30. Nxe5 Re7 31. Nxf7 Qxf7 32. Re6 Rd7 33. d6 Rc8 34. Qe3 axb4 35. axb4 Rf8 36. Re7 Qxf5 37. Rxd7 Qxd7 38. Qe7 Qxe7 39. dxe7 Re8 40. Rd8 Kf7 41. Rxe8 Kxe8 42. Kg2 Kxe7 43. Kf3 Ke6 44. Ke4 g6 45. f4 h6 46. g4 Kf6 47. f5 g5 48. Kd5 h5 49. Kc6 1-0

[Event "Ceriano Laghetto op-B 15th"]
[Site "Ceriano Laghetto"]
[Date "2006.04.02"]
[Round "4"]
[White "Oteri, Aldo"]
[Black "Petetta, Roberto"]
[Result "1-0"]
[WhiteElo "1858"]
[BlackElo "1718"]
[PlyCount "95"]
[EventDate "2006.03.31"]
[EventType "swiss"]
[EventRounds "5"]
[EventCountry "ITA"]
[SourceTitle "EXT 2011"]
[Source "ChessBase"]
[SourceDate "2010.11.26"]
[SourceVersion "1"]
[SourceVersionDate "2010.11.26"]
[SourceQuality "1"]

1. e4 c5 2. Nf3 Nc6 3. d4 cxd4 4. Nxd4 Nf6 5. Nc3 g6 6. f3 Bg7 7. Be3 0-0 8. Qd2 d6 9. 0-0-0 Bd7 10. h4 Qa5 11. Nb3 Qh5 12. g4 Nxg4 13. fxg4 Bxg4 14. Be2 Bxc3 15. bxc3 Bxe2 16. Rdg1 Qf3 17. h5 Ne5 18. Bd4 Ba6 19. hxg6 fxg6 20. Bxe5 dxe5 21. Qd5+ Qf7 22. Qxe5 Qf4+ 23. Qxf4 Rxf4 24. Nc5 Bc4 25. Nxb7 Bxa2 26. Nc5 Bc4 27. Rg5 a5 28. Re5 Ra7 29. Nd3 Rf3 30. Kd2 a4 31. Rc5 Be6 32. c4 a3 33. Kc3 Kg7 34. Kd4 h6 35. Ne5 Rg3 36. Nc6 Rd7+ 37. Ke5 Kf7 38. Rf1+ Bf5 39. exf5 g5 40. Rd5 Rxd5+ 41. cxd5 Rc3 42. f6 exf6+ 43. Rxf6+ Kg7 44. Nd4 Re3+ 45. Kf5 Re1 46. Ne6+ Kh7 47. Rf7+ Kg8 48. Kg6 1-0

[Event "Ceriano Laghetto op-B 15th"]
[Site "Ceriano Laghetto"]
[Date "2006.04.01"]
[Round "3"]
[White "Petetta, Roberto"]
[Black "Corti, Filippo"]
[Result "0-1"]
[WhiteElo "1718"]
[BlackElo "1634"]
[PlyCount "72"]
[EventDate "2006.03.31"]
[EventType "swiss"]
[EventRounds "5"]
[EventCountry "ITA"]
[SourceTitle "EXT 2011"]
[Source "ChessBase"]
[SourceDate "2010.11.26"]
[SourceVersion "1"]
[SourceVersionDate "2010.11.26"]
[SourceQuality "1"]

1. e4 c6 2. f4 d5 3. exd5 cxd5 4. d4 Nf6 5. Nf3 Nc6 6. Be2 Bf5 7. 0-0 e6 8. Nh4 Be4 9. Nc3 Qb6 10. Nxe4 Nxe4 11. c3 Be7 12. Nf3 0-0 13. Bd3 f5 14. Qe2 Bd6 15. Rb1 Qc7 16. Ne5 Nxe5 17. fxe5 Be7 18. Be3 g5 19. Rbd1 f4 20. Bc1 Qc6 21. Qg4 Kh8 22. Rf3 Rf7 23. Rdf1 Rg8 24. g3 Rf5 25. Kh1 Qe8 26. h4 h5 27. Qh3 g4 28. Qg2 gxf3 29. Rxf3 Nxg3+ 30. Kh2 Ne4 31. Qe2 Qg6 32. Qf1 Bxh4 33. Bxe4 dxe4 34. Rh3 Bg3+ 35. Kh1 Qg4 36. Bd2 e3 0-1

[Event "Ceriano Laghetto op-B 15th"]
[Site "Ceriano Laghetto"]
[Date "2006.03.31"]
[Round "1"]
[White "Petetta, Roberto"]
[Black "Garofalo, Sergio"]
[Result "0-1"]
[WhiteElo "1718"]
[BlackElo "1911"]
[PlyCount "84"]
[EventDate "2006.03.31"]
[EventType "swiss"]
[EventRounds "5"]
[EventCountry "ITA"]
[SourceTitle "EXT 2011"]
[Source "ChessBase"]
[SourceDate "2010.11.26"]
[SourceVersion "1"]
[SourceVersionDate "2010.11.26"]
[SourceQuality "1"]

1. e4 e5 2. f4 exf4 3. Nf3 Be7 4. Bc4 d5 5. Bxd5 Nf6 6. 0-0 Nxd5 7. exd5 Qxd5 8. d4 Bg4 9. Bxf4 Nc6 10. c3 0-0-0 11. Qc2 g5 12. Be3 h5 13. c4 Qe6 14. Qd2 Bxf3 15. Rxf3 g4 16. Rf1 Bc5 17. Nc3 Bxd4 18. Bxd4 Nxd4 19. Qf2 Qb6 20. b3 h4 21. Nd5 Qc5 22. Rad1 Ne2+ 23. Kh1 Qxf2 24. Rxf2 Rhe8 25. Rdf1 c6 26. Nf6 g3 27. Rf3 Re6 28. h3 Rdd6 29. Nh5 Re5 30. Ng7 f6 31. Nf5 Rd2 32. a3 Nd4 33. Nxh4 Nxf3 34. Nxf3 Rf2 35. Kg1 Ree2 36. Ne1 Ra2 37. a4 Rxf1+ 38. Kxf1 Rf2+ 39. Kg1 Rb2 40. Kf1 Rxb3 41. Ke2 Rc3 42. c5 Rxc5 0-1